<?xml version="1.0" encoding="UTF-8"?>
<record
    xmlns:xsi="http://www.w3.org/2001/XMLSchema-instance"
    xsi:schemaLocation="http://www.loc.gov/MARC21/slim http://www.loc.gov/standards/marcxml/schema/MARC21slim.xsd"
    xmlns="http://www.loc.gov/MARC21/slim">

  <leader>02209nam a2200325   4500</leader>
  <controlfield tag="001">375</controlfield>
  <controlfield tag="003">OSt</controlfield>
  <controlfield tag="005">20250528074019.0</controlfield>
  <controlfield tag="008">250403b        |||||||j |||| 00| 1 eng d</controlfield>
  <datafield tag="020" ind1=" " ind2=" ">
    <subfield code="a">9786555116052</subfield>
  </datafield>
  <datafield tag="040" ind1=" " ind2=" ">
    <subfield code="b">por</subfield>
  </datafield>
  <datafield tag="041" ind1=" " ind2=" ">
    <subfield code="a">por</subfield>
  </datafield>
  <datafield tag="082" ind1=" " ind2=" ">
    <subfield code="a">B869.93</subfield>
    <subfield code="b">M998</subfield>
  </datafield>
  <datafield tag="245" ind1=" " ind2=" ">
    <subfield code="a">O Mysterio / </subfield>
    <subfield code="c">Neto, Coelho ;  Peixoto, Alfr&#xE2;nio ; Albuquerque, Medeiros e ; Corr&#xEA;a, Viriato</subfield>
  </datafield>
  <datafield tag="260" ind1=" " ind2=" ">
    <subfield code="a">Rio de Janeiro</subfield>
    <subfield code="b">HarperCollins</subfield>
    <subfield code="c">2024</subfield>
  </datafield>
  <datafield tag="300" ind1=" " ind2=" ">
    <subfield code="a">265 p.</subfield>
  </datafield>
  <datafield tag="520" ind1=" " ind2=" ">
    <subfield code="a"> Clube do Crime apresenta o primeiro romance policial brasileiro, com posf&#xE1;cio de Tito Prates.

Pedro Albergaria &#xE9; um ass&#xED;duo leitor de romances policiais, mas n&#xE3;o apenas pelo prazer da leitura, afinal, os usa como material de estudo para a vingan&#xE7;a que planeja contra o banqueiro Sanches Lobo. Tudo est&#xE1; ao seu favor, at&#xE9; a investiga&#xE7;&#xE3;o policial - mesmo que os envolvidos n&#xE3;o saibam -, no entanto, o major Mello Bandeira n&#xE3;o deixar&#xE1; o assassino sair impune.

Com ajuda da sua lanterna furta-fogo - &#xE0; moda dos detetives em outras partes do mundo -, o investigador acaba no meio de uma trama envolvendo um n&#xFA;mero razo&#xE1;vel de homens chamados Pedro e mulheres chamadas Rosa. E caber&#xE1; ao Sherlock dos tr&#xF3;picos descobrir quem, dentre os v&#xE1;rios suspeitos, foi o respons&#xE1;vel por matar o banqueiro.

Considerado o primeiro romance policial da literatura brasileira, O myst&#xE9;rio &#xE9; um cl&#xE1;ssico nacional perdido, cuja primeira publica&#xE7;&#xE3;o em forma de folhetim ocorreu h&#xE1; mais de cem anos, em 1920, no jornal A folha. Com um singular estilo de escrita, esta &#xE9; uma divertida e imperd&#xED;vel hist&#xF3;ria, autoral de grandes nomes da hist&#xF3;ria do Brasil: Afr&#xE2;nio Peixoto, Coelho Neto, &amp; (Medeiros e Albuquerque) e Viriato Corr&#xEA;a.
</subfield>
  </datafield>
  <datafield tag="650" ind1=" " ind2="0">
    <subfield code="a">Literatura Brasileira</subfield>
    <subfield code="9">205</subfield>
  </datafield>
  <datafield tag="650" ind1=" " ind2="0">
    <subfield code="a">Romance Policial </subfield>
    <subfield code="9">11</subfield>
  </datafield>
  <datafield tag="650" ind1=" " ind2="0">
    <subfield code="a">Suspense</subfield>
    <subfield code="9">10</subfield>
  </datafield>
  <datafield tag="650" ind1=" " ind2="0">
    <subfield code="a">Mist&#xE9;rio</subfield>
    <subfield code="9">42</subfield>
  </datafield>
  <datafield tag="650" ind1=" " ind2="0">
    <subfield code="a">Cl&#xE1;ssico Nacional</subfield>
    <subfield code="9">772</subfield>
  </datafield>
  <datafield tag="655" ind1=" " ind2="0">
    <subfield code="a">Romance</subfield>
    <subfield code="9">23</subfield>
  </datafield>
  <datafield tag="655" ind1=" " ind2="0">
    <subfield code="a">Fic&#xE7;&#xE3;o </subfield>
    <subfield code="9">22</subfield>
  </datafield>
  <datafield tag="700" ind1=" " ind2=" ">
    <subfield code="a">Neto Coelho</subfield>
    <subfield code="d">1864- 1934</subfield>
    <subfield code="e">Escritor</subfield>
    <subfield code="9">775</subfield>
  </datafield>
  <datafield tag="700" ind1=" " ind2=" ">
    <subfield code="a">Peixoto Alfr&#xE2;nio </subfield>
    <subfield code="d">1876- 1947</subfield>
    <subfield code="e">Escritor</subfield>
    <subfield code="9">776</subfield>
  </datafield>
  <datafield tag="700" ind1=" " ind2=" ">
    <subfield code="a"> Albuquerque e Medeiros </subfield>
    <subfield code="d">1867- 1934</subfield>
    <subfield code="e">Escritor</subfield>
    <subfield code="9">777</subfield>
  </datafield>
  <datafield tag="700" ind1=" " ind2=" ">
    <subfield code="a">Corr&#xEA;a Viriato</subfield>
    <subfield code="d">1884- 1967</subfield>
    <subfield code="e">Escritor</subfield>
  </datafield>
  <datafield tag="942" ind1=" " ind2=" ">
    <subfield code="2">ddc</subfield>
    <subfield code="n">0</subfield>
    <subfield code="c">BK</subfield>
  </datafield>
  <datafield tag="952" ind1=" " ind2=" ">
    <subfield code="0">0</subfield>
    <subfield code="1">0</subfield>
    <subfield code="2">ddc</subfield>
    <subfield code="4">0</subfield>
    <subfield code="7">0</subfield>
    <subfield code="8">FIC</subfield>
    <subfield code="a">BIBIB</subfield>
    <subfield code="b">BIBIB</subfield>
    <subfield code="c">LB</subfield>
    <subfield code="d">2025-04-03</subfield>
    <subfield code="e">doa&#xE7;&#xE3;o</subfield>
    <subfield code="l">0</subfield>
    <subfield code="o">B869.93 / M998</subfield>
    <subfield code="p">2025-17310</subfield>
    <subfield code="r">2025-04-03 08:59:30</subfield>
    <subfield code="w">2025-04-03</subfield>
    <subfield code="y">BK</subfield>
  </datafield>
  <datafield tag="999" ind1=" " ind2=" ">
    <subfield code="c">375</subfield>
    <subfield code="d">375</subfield>
  </datafield>
</record>
